Thơ Tản Đà trên tiến trình hiện đại hóa thơ Việt Nam Luận văn tốt nghiệp Đại học Sư phạm văn Khóa 20

Gespeichert in:
Bibliographische Detailangaben
1. Verfasser: Võ Thành Mộng
Format: Buch
Sprache:Undetermined
Veröffentlicht: Cần Thơ Trường Đại học Cần Thơ, Khoa Sư phạm, Bộ môn Ngữ văn 1998
Schlagworte:
Tags: Tag hinzufügen
Keine Tags, Fügen Sie den ersten Tag hinzu!
Thư viện lưu trữ: Trung tâm Học liệu Trường Đại học Cần Thơ
LEADER 00773nam a2200193Ia 4500
001 CTU_23128
008 210402s9999 xx 000 0 und d
082 |a 809 
082 |b M455/1998 
100 |a Võ Thành Mộng 
245 0 |a Thơ Tản Đà trên tiến trình hiện đại hóa thơ Việt Nam 
245 0 |b Luận văn tốt nghiệp Đại học Sư phạm văn Khóa 20 
245 0 |c Võ Thành Mộng 
260 |a Cần Thơ 
260 |b Trường Đại học Cần Thơ, Khoa Sư phạm, Bộ môn Ngữ văn 
260 |c 1998 
650 |a vietnamese poetry - 20th century - history and criticism 
904 |i Nguyễn Quang Điền, 980725 
980 |a Trung tâm Học liệu Trường Đại học Cần Thơ